| 000 | 00851cam a22002771 4500 | ||
|---|---|---|---|
| 001 | 21721 | ||
| 003 | BD-RjUL | ||
| 005 | 20211209000724.0 | ||
| 008 | 140305r19661964nyuab 001 0 eng d | ||
| 035 | _a(BD-RjUL)21786 | ||
| 035 | _a(OCoLC)8103651 | ||
| 040 |
_aDLC _cNjTS _dUk _dDLC _dBD-RjUL _beng |
||
| 041 | _aeng | ||
| 082 | 0 | 0 |
_a914.8 _bMIS 1966 |
| 100 | 1 |
_aMillward, Roy. _967068 |
|
| 245 | 1 | 0 |
_aScandinavian lands / _c Roy. Millward |
| 260 |
_aNew York : _bMacmillan, _c1964. [Reprinted 1966] |
||
| 300 |
_axvi, 487 p. : _billus., maps. ; _c23 cm. |
||
| 504 | _aBibliography: p. 465-472. and Index | ||
| 650 | 0 |
_aNatural resources _zScandinavia. _967069 |
|
| 651 | 0 |
_aScandinavia _xEconomic conditions. _967070 |
|
| 651 | 0 |
_aScandinavia _xDescription and travel. _967071 |
|
| 942 |
_2ddc _cBK |
||
| 999 |
_c21721 _d21721 |
||